| 000 | 00418nam a2200157Ia 4500 | ||
|---|---|---|---|
| 005 | 20250703012101.0 | ||
| 008 | 240331s9999 xx 000 0 und d | ||
| 020 | _a9558770019 | ||
| 082 |
_bIBS _a812 |
||
| 100 | _aIbson,H | ||
| 245 | 0 |
_aSellamgeya : _bA doll's house |
|
| 260 |
_aBoralesgamuwa _bCultural Publication _c2009 |
||
| 300 | _a198 p., | ||
| 500 | _aTranslation of Henrik Ibsen' s The playhouse | ||
| 942 | _cL | ||
| 999 |
_c5179 _d5179 |
||